000 02023nam a2200397 a 4500
001 ebr10600392
003 CaPaEBR
006 m u
007 cr cn|||||||||
008 100308s2010 nyu sb 001 0 eng d
010 _z 2010009559
020 _z9783034301268 (pbk. : alk. paper)
020 _z9783034301268
020 _z9783035300451 (e-book)
040 _aCaPaEBR
_cCaPaEBR
035 _a(OCoLC)815508672
050 1 4 _aPT749.J4
_bW37 2010eb
082 0 4 _a830.9/3529924
_222
100 1 _aWard, John,
_d1962-
245 1 0 _aJews in business and their representation in German literature, 1827-1934
_h[electronic resource] /
_cJohn Ward.
260 _aNew York :
_bPeter Lang,
_cc2010.
300 _aviii, 250 p.
490 1 _aBritish and Irish studies in German language and literature ;
_vBd. 53
504 _aIncludes bibliographical references (p. [237]-244) and index.
505 0 _aIntroduction -- The Hoffaktor : a necessary evil? -- Citizens and conmen -- Heimatkunst and Hauptstadt : the portrayal of urban and rural Jewish business people in the literature of the late nineteenth century -- The challenge of the Jewish commercial spirit in the early writing of Heinrich Mann -- Responses to anti-Semitism by Jewish and non-Jewish authors -- Conclusion.
533 _aElectronic reproduction.
_bPalo Alto, Calif. :
_cebrary,
_d2011.
_nAvailable via World Wide Web.
_nAccess may be limited to ebrary affiliated libraries.
650 0 _aGerman literature
_y19th century
_xHistory and criticism.
650 0 _aGerman literature
_y20th century
_xHistory and criticism.
650 0 _aJews in literature.
650 0 _aBusinessmen in literature.
650 0 _aAntisemitism in literature.
655 7 _aElectronic books.
_2local
710 2 _aebrary, Inc.
830 0 _aBritische und Irische Studien zur deutschen Sprache und Literatur ;
_vno. 53.
856 4 0 _uhttp://site.ebrary.com/lib/rucke/Doc?id=10600392
_zAn electronic book accessible through the World Wide Web; click to view
999 _c110422
_d110422